000 00670nam a2200217 i 4500
001 59038
003 ES-MaACL
005 20230906163940.0
007 t|
008 031027s1976 sp ||||1| spa d
100 1 _aErenburg, Il'ia Grigor'evich.
_947378
245 1 0 _aEspaña, república de trabajadores /
_cIlya Ehrenburg ; [traducción: N. Lebedofi].
250 _a[1ª ed.].
260 _a[Madrid] :
_bJúcar,
_c[1976]
300 _a156 p. ;
_c20 cm.
490 1 _aCrónica general de España ;
_v3
700 1 _aLebedofi, N.
_971006
830 0 _aCrónica general de España ;
_v3
_9181791
852 _aES-MaACL
_jA-7434
_bR.96395
999 _c59038
_d59038